00644nam a2200181Ia 4500003000500000008004100005020001800046040001900064082000700083100001700090245010600107246010500213260005300318300001000371365002300381440004600404546001200450STCL230726s9999 xx 000 0 und d a9781138597457 aSTCLcSTCLbEN 222 aSolnick, Sam 0aPoetry and the Anthropocene: ecology, biology and technology in contemporary British and Irish poetry aPoetry and the Anthropocene: ecology biology and technology in contemporary British and Irish poetry bRoutledge Taylor and Francis GroupaLondonc2018 a224 p e38.99 GBPb4078.35 aRoutledge environmental humanities series aEnglish